000 00316nam a22001217a 4500
020 _a812241012x
082 _222
_a690.24
100 _aPanchdhari, A. C.
245 _aMaintenance of buildings /
260 _aNew Delhi,
_bNew Age International,
_cc2008.
300 _avii, 224 p. ;
_bill. ;
_c24 cm.
942 _2ddc
_cCIVIL
999 _c3181
_d3181